| 000 | 00565cam a2200133 4500500 | ||
|---|---|---|---|
| 005 | 20260111091247.0 | ||
| 041 | _afre | ||
| 042 | _adc | ||
| 245 | 0 | 0 | _aGroupe des Dombes, « Un seul maître (Mt 23,8) ». L’autorité doctrinale dans l’Église, Paris, Bayard, 2005, 21x15, 247 p., 18 €. ISBN 2-227-47457-2 |
| 260 | _c2005. | ||
| 500 | _a2 | ||
| 786 | 0 | _nNouvelle revue théologique | 127 | 4 | 2005-12-15 | p. 623g-647g | 0029-4845 | |
| 856 | 4 | 1 | _uhttps://shs.cairn.info/revue-nouvelle-revue-theologique-2005-4-page-623g?lang=fr&redirect-ssocas=7080 |
| 999 |
_c1620734 _d1620734 |
||